Tyler the Creator songs by Synonyms - Statistics

General Stats
  • This quiz has been taken 183 times
  • The average score is 8 of 10
Answer Stats
Hint Answer % Correct
Do We Remain Companions? ARE WE STILL FRIENDS?
99%
Response Answer
89%
Sucrose On Top Of My Lingua Sugar On My Tongue
87%
Remove Your Face Covering Take Your Mask Off
87%
Seismic Tremor Of The Earf's Crust EARFQUAKE
86%
Were Under The Impression I Was Deceased Thought I Was Dead
82%
The Location Of This Plant’s Blossom Where This Flower Blooms
81%
Hound's Fang DOGTOOTH
77%
Prunus Explosive Cherry Bomb
53%
Letting Grains Fall Droppin Seeds
41%
No matching quizzes found
Score Distribution
Percent of People with Each Score
Percentile by Number Answered
Your Score History
You have not taken this quiz